=LDR 00000nam 2200000 4500 =001 INLIS000000000029175 =005 20200629030645 =035 ##$$a 0010-061300000029175 =008 200629################g##########0#ind## =041 ##$$a Ind =082 ##$$a 2x5.4 =090 ##$$a 2x5.4, Rid r =100 #$$a Ridlo, M. KH =245 1#$$a Risalah doa makbul, /$c KH M. Ridlo =260 ##$$a Surabaya :$b Putra pelajar =300 ##$$a 240 hlm, ; $c 11,5 x 20 cm =650 #4$$a Doa dan wirid =850 ##$$a NBPNMAT =084 ##$$a 2x5.4 RID r =990 ##$$a 20800214/pb/08 =990 ##$$a 20800211/pb.08